00366 a2200145 4500003000400000005001700004008004100021020001800062040000900080082001700089100002000106245004500126260003900171300001000210OSt20240823115842.0231106b |||||||| |||| 00| 0 eng d a9789384355296 coclc a492.7bKOD/A aKodiyathur, A R aArabi basha keralathil /cA R Kodiyathur aKozhikode:bVachanam Books,c2017. a190 p